Statistiques concernant Pays historique à leader

Cliquez ici pour prendre le quiz!

Statistiques générales

  • Ce quiz a été pris 166 fois
  • Le résultat moyen est 7 sur 20

Statistiques - réponses

Leader... de ce pays% Correct
Jules CésarL'Empire romain
95%
Vladimir Ilitch LénineUnion soviétique
81%
Xerxès IerPerse
60%
Abdülhamid IerEmpire ottoman
54%
Jean III Sigismond
de Brandebourg
Prusse
51%
Léonidas IISparte
48%
Harold Pied-de-LièvreAngleterre
45%
MacbethÉcosse
40%
Maximilien II, (1527-1576)Saint Empire romain
37%
Konrad AdenauerAllemagne de l'Ouest
33%
Stejpan MesićYougoslavie
31%
Sejong le GrandCorée
25%
Nabuchodonosor IIBabylonien
16%
Sam HoustonTexas
16%
Lorenzo TiepoloVenise
14%
KalakāuaHawaii
11%
Ottokar IBohême
9%
Songtsen GampoTibet
7%
Jeanne IreNaples
5%
Marthinus Wessel PretoriusÉtat libre d'Orange
4%

Distribution des résultats

Percentile par nombre de réponses

% des personnes avec chaque résultat

Votre développement - résultats

Vous n’avez pas pris ce quiz